000 00814nam a22002657a 4500
003 CHAP
005 20220329143347.0
008 081218s2004 uk r 00010 eng d
010 _a95516
011 _a96488
020 _a1897676476
035 _a107142
040 _cCHAP
082 0 4 _a636.0893
_bEm32
245 0 0 _aEmerging equine science
_c/edited by J. Alliston ...[et al.]
260 _aNottingham, UK :
_bNottingham University,
_c2004
300 _a254 p. :
_bgráfs., cuadros
590 _aBATCH-UPD
_b10
_c20130110
_lUCH01
_h0450
590 _aCONVERSION
_b10
_c20130109
_lUCH01
_h1353
650 0 4 _aGanado caballar.
_944967
700 1 _aAlliston, J.
_eed.
_94443
901 _aBK
942 _cLIBRO
949 _a636.0893 Em32
_bBC
_cLIBRO
_d33724002050587
_eLIBRO
_gI.241797
_h110123
_i107142
_sb
_t$1,069.54
999 _c95516
_d95516